Characteristics in the prophecies applicable to, and descriptive of, the power and duration of the French Republic : Also, a few observations illustrative of the probable result of the present disordered state of the civil and political world.

Bibliographic Details
Format: eBook
Language:English
Series:Early American imprints. Evans (1639-1800) ; no. 33507.
Subjects:
Online Access:Evans Digital Edition

MARC

Tag First Indicator Second Indicator Subfields
LEADER 00000cam a2200000 a 4500
001 in00002163421
006 m e d #
007 cr mn mmmmabba
008 830121s1798 nyu s 000 0 eng d
005 20260331160323.5
035 |z t020928 
035 |z w003770 
035 |a MAAR8301212513B 
035 |9 mwa91-4073 
035 |a 334316 
035 |a aas03003770 
040 |a MWA  |c MWA  |e bdrb  |d UtOrBLW 
245 0 0 |a Characteristics in the prophecies applicable to, and descriptive of, the power and duration of the French Republic :  |b Also, a few observations illustrative of the probable result of the present disordered state of the civil and political world. 
264 3 |a New-York :  |b Printed by John Tiebout, no. 358, Pearl-Street,  |c 1798. 
300 |a 27 pages, 1 unnumbered page ;  |c 23 cm. (octavo) 
336 |a text  |b txt  |2 rdacontent 
337 |a computer  |b c  |2 rdamedia 
338 |a online resource  |b cr  |2 rdacarrier 
500 |a "On the millenium [sic]."--pages 10-27. 
510 4 |a Evans  |c 33507 
530 |a Microform version available in the Readex Early American Imprints series. 
533 |a Electronic text and image data.  |b [Chester, Vt. :  |c Readex, a division of Newsbank, Inc.,  |d 2002-2004.  |e Includes files in TIFF, GIF and PDF formats with inclusion of keyword searchable text.  |f (Early American imprints. First series ; no. 33507). 
500 |a Electronic resource. 
630 0 0 |a Bible  |x Prophecies. 
650 0 |a Millennium (Eschatology) 
651 0 |a France  |x History  |y Revolution, 1789-1799. 
752 |a United States  |b New York  |d New York. 
830 0 |a Early American imprints.  |n Series I,  |p Evans (1639-1800) ;  |v no. 33507. 
856 4 1 |u http://proxy.library.tamu.edu/login?url=https://opac.newsbank.com/select/evans/33507  |y Evans Digital Edition  |t 0 
999 |a MARS 
999 f f |s c5dee6a4-57e9-34ed-b729-817fa96b8198  |i b4b879b8-d5a3-3824-895c-e58ab807a98d  |t 0 
952 f f |a Texas A&M University  |b College Station  |c Electronic Resources  |s www_evans  |d Available Online  |t 0  |h No information provided 
998 f f |t 0  |l Available Online